[Event "Let's Play Chess!"]
[Site "http://www.queenalice.com/game.php?id=763543"]
[Date "2010.4.20"]
[Round "-"]
[White "jose_gomes"]
[Black "HelderNanques"]
[Result "0-1"]
[WhiteElo "1119"]
[BlackElo "1888"]

1. e4 d5 2. exd5 Qxd5 3. Nc3 Qd6 4. Nf3 Nf6 5. d4 Bf5 6. Bd3 Bg6 7. O-O e6 8.
Nb5 Qd8 9. Bf4 Na6 10. c4 c6 11. Nc3 Nc7 12. Re1 Bd6 13. Bxg6 hxg6 14. Bxd6 Qxd6
15. c5 Qf4 16. g3 Qh6 17. Ne4 Ncd5 18. Nxf6+ gxf6 19. Re4 Kd7 20. Rh4 Qg7 21.
Rxh8 Rxh8 22. Qb3 Kc8 23. a4 g5 24. Re1 Qg6 25. Qd1 Qh5 26. Re4 f5 27. Re2 Nf6
28. Kf1 Qxf3 29. Ke1 Rxh2 30. Kd2 Rxf2 0-1

[Event "Let's Play Chess!"]
[Site "http://www.queenalice.com/game.php?id=765099"]
[Date "2010.4.23"]
[Round "-"]
[White "jose_gomes"]
[Black "peaceman"]
[Result "1-0"]
[WhiteElo "1156"]
[BlackElo "1338"]

1. e4 e5 2. Nf3 Bd6 3. Bc4 Nf6 4. Nc3 a6 5. Ng5 h6 6. Nxf7 Qe7 7. Nxh8 b5 8. Ng6
Qd8 9. O-O Bb7 10. Bd5 c6 11. Bb3 c5 12. Bd5 Nc6 13. Nh4 b4 14. Nf5 Bc7 15.
Nxg7+ Kf8 16. Nh5 Nxh5 17. Qxh5 Qe8 18. Qxh6+ Ke7 19. d4 exd4 20. Qg5+ Kd6 21.
Bf4+ Ne5 22. Qf6+ Qe6 23. Bxe5# 1-0

[Event "Sheik3333"]
[Site "http://www.queenalice.com/game.php?id=766942"]
[Date "2010.4.27"]
[Round "-"]
[White "ReiNato"]
[Black "jose_gomes"]
[Result "1-0"]
[WhiteElo "1772"]
[BlackElo "1198"]

1. e4 e5 2. Bc4 Nf6 3. Nf3 Nc6 4. Ng5 d5 5. exd5 Na5 6. Bb3 Nxd5 7. d3 Be7 8.
Nxf7 Kxf7 9. Qf3+ Bf6 10. Bxd5+ Ke7 11. O-O Re8 12. b4 Nc6 13. Bxc6 bxc6 14.
Qxc6 Bd7 15. Qc5+ Kf7 16. Ba3 e4 17. d4 e3 18. fxe3 Rxe3 19. c3 Qe8 20. Qh5+ Kg8
21. Qxe8+ Raxe8 22. Bc1 Bb5 23. Bxe3 Bxf1 24. Kxf1 Rxe3 25. Nd2 Rxc3 26. Ne4 Rc4
27. Nxf6+ gxf6 28. a3 Rxd4 29. Rc1 a5 30. bxa5 Ra4 31. Rxc7 Rxa5 32. Rc3 Kg7 33.
g3 h5 34. Kg2 Kg6 35. h3 Kg5 36. h4+ Kg4 37. Rc4+ Kf5 38. a4 Kg6 39. Rb4 f5 40.
Kf3 Kf6 41. Kf4 Kg6 42. Rd4 Kf6 43. Rb4 Kg6 44. Rb6+ Kf7 45. Rb4 Kf6 46. Rb6+
Kg7 47. Kg5 f4+ 48. Kxf4 Rxa4+ 49. Kg5 Rg4+ 50. Kxh5 Rxg3 51. Rb5 Rh3 52. Rb7+
Kf6 53. Kg4 Rxh4+ 54. Kxh4 Ke5 55. Rd7 Ke4 56. Kg4 Ke5 57. Re7+ Kd5 58. Kf4 Kd4
59. Re5 Kc4 60. Ke4 Kc3 61. Rc5+ Kd2 62. Rc4 Ke2 63. Rc2+ Kd1 64. Kd3 Ke1 65.
Ke3 Kd1 66. Rc3 Ke1 67. Rc1# 1-0

[Event "Patzer On a Hot Tin Roof"]
[Site "http://www.queenalice.com/game.php?id=770278"]
[Date "2010.5.4"]
[Round "-"]
[White "MisterTibs"]
[Black "jose_gomes"]
[Result "1-0"]
[WhiteElo "2222"]
[BlackElo "1198"]

1. d4 d5 2. e3 Nf6 3. Nf3 Bf5 4. c4 e6 5. Nc3 Bb4 6. Bd2 O-O 7. cxd5 exd5 8. Qb3
Nc6 9. Be2 b6 10. O-O a5 11. a3 Bxc3 12. bxc3 Ne4 13. c4 Bg4 14. Bc3 a4 15. Qc2
Re8 16. cxd5 Qxd5 17. Rfc1 b5 18. Be1 Na5 19. Bxa5 Rxa5 20. Qxc7 Raa8 21. Qc2
Rac8 22. Qd3 Qb3 23. Rxc8 Bxc8 24. Qxb5 Rd8 25. Bd3 Qc3 26. Rd1 Nd6 27. Qxa4 g6
28. Ne5 Be6 29. Qb4 Qxb4 30. axb4 f6 31. Nc6 Rd7 32. e4 Nf7 33. d5 Bxd5 34. exd5
Kg7 35. Be4 f5 36. Bc2 Ng5 37. f4 Ne4 38. Bxe4 fxe4 39. Kf2 Kf6 40. Ke3 Kf5 41.
g4+ Kf6 42. Kxe4 1-0

[Event "Let's Play Chess!"]
[Site "http://www.queenalice.com/game.php?id=770292"]
[Date "2010.5.4"]
[Round "-"]
[White "charles31"]
[Black "jose_gomes"]
[Result "1-0"]
[WhiteElo "1827"]
[BlackElo "1119"]

1. d4 d5 2. Bg5 f6 3. Bh4 Nc6 4. e3 Bf5 5. Bb5 e6 6. Bxc6+ bxc6 7. h3 Qb8 8. b3
c5 9. Nf3 cxd4 10. Nxd4 c5 11. Nxf5 exf5 12. Qxd5 Nh6 13. Nc3 Bd6 14. Qe6+ Kf8
15. Nd5 Qd8 16. Rd1 a5 17. g4 fxg4 18. Bxf6 gxf6 19. Nxf6 Ra6 20. Nd7+ Kg7 21.
hxg4 1-0

[Event "Challenge"]
[Site "http://www.queenalice.com/game.php?id=770769"]
[Date "2010.5.5"]
[Round "-"]
[White "montelo"]
[Black "jose_gomes"]
[Result "0-1"]
[WhiteElo "2127"]
[BlackElo "1198"]

1. e4 e5 2. Qh5 Nc6 3. Bc4 g6 4. Qf3 Nf6 5. d3 Bg7 6. Nh3 O-O 7. Ng5 Nd4 8. Qd1
d5 9. c3 dxc4 10. cxd4 exd4 11. dxc4 Re8 12. f3 d3 13. O-O h6 14. Nh3 Bxh3 15.
gxh3 Qd7 16. Qb3 b6 17. h4 Qd4+ 18. Kh1 Nxe4 19. fxe4 Qxe4+ 20. Kg1 Bd4+ 21. Rf2
Qe1+ 22. Kg2 Qxf2+ 23. Kh3 Qf3# 0-1

[Event "Challenge"]
[Site "http://www.queenalice.com/game.php?id=770770"]
[Date "2010.5.5"]
[Round "-"]
[White "jose_gomes"]
[Black "montelo"]
[Result "0-1"]
[WhiteElo "1198"]
[BlackElo "2126"]

1. e4 e5 2. Nf3 Nf6 3. Nc3 Nc6 4. Bb5 Bc5 5. O-O d6 6. d3 Ng4 7. Bg5 f6 8. Bh4
g5 9. Bg3 h5 10. h4 gxh4 11. Bxh4 Bd7 12. a3 Nd4 13. Bxd7+ Qxd7 14. Nd5 Nxf3+
15. Qxf3 O-O-O 16. Nxf6 Nxf6 17. Qxf6 Rhf8 18. Qh6 Rh8 19. Qd2 Rdg8 20. g3 Qh3
21. b4 Bb6 22. Bf6 Qxg3+ 0-1

[Event "Let's Play Chess!"]
[Site "http://www.queenalice.com/game.php?id=778794"]
[Date "2010.5.22"]
[Round "-"]
[White "ArmandoAzevedo"]
[Black "jose_gomes"]
[Result "1-0"]
[WhiteElo "2656"]
[BlackElo "1198"]

1. e4 e5 2. Nf3 Nc6 3. Bb5 a6 4. Bxc6 dxc6 5. O-O Bg4 6. h3 Bh5 7. d3 Bc5 8. g4
Bg6 9. Nxe5 Qh4 10. Qf3 f6 11. Nxg6 hxg6 12. Kg2 O-O-O 13. Qg3 g5 14. Qxh4 gxh4
15. Nd2 g5 16. Nb3 Bb6 17. f4 gxf4 18. Bxf4 c5 19. Rae1 Ne7 20. e5 fxe5 21. Bxe5
Rhf8 22. Bf6 Rde8 23. Rxe7 Rxe7 24. Bxe7 Rxf1 25. Kxf1 a5 26. Nxc5 Ba7 27. Ne4
1-0

[Event "Let's Play Chess!"]
[Site "http://www.queenalice.com/game.php?id=778908"]
[Date "2010.5.22"]
[Round "-"]
[White "HelderNanques"]
[Black "jose_gomes"]
[Result "0-1"]
[WhiteElo "2036"]
[BlackElo "1198"]

1. b3 e5 2. d4 exd4 3. Qxd4 Nc6 4. Qd3 Nf6 5. Bb2 d5 6. a3 g6 7. Nf3 Bg7 8. g3
O-O 9. Bg2 Bg4 10. O-O Re8 11. e3 Ne4 12. Nbd2 Bxb2 0-1

[Event "Let's Play Chess!"]
[Site "http://www.queenalice.com/game.php?id=779402"]
[Date "2010.5.22"]
[Round "-"]
[White "REDWOLF"]
[Black "jose_gomes"]
[Result "0-1"]
[WhiteElo "1554"]
[BlackElo "1229"]

1. e4 e5 2. Nf3 Nc6 3. Bc4 Bc5 4. c3 Nf6 5. d4 exd4 6. cxd4 Bb4+ 7. Nc3 Nxe4 8.
O-O Nxc3 9. bxc3 Bxc3 10. Rb1 O-O 11. d5 Ne5 12. Nxe5 Bxe5 13. Ba3 d6 14. f4 Bf6
15. Bd3 c6 16. Qh5 h6 17. Bc1 Bd4+ 18. Kh1 cxd5 19. f5 f6 20. Bxh6 gxh6 21. Qg6+
Kh8 22. Rbe1 Qd7 23. Qxh6+ Kg8 24. Re6 Qh7 25. Qf4 Bxe6 26. Rf3 Be5 27. Qg4+ Qg7
28. Qxg7+ Kxg7 29. fxe6 Rac8 30. Kg1 Rc1+ 31. Rf1 Bd4+ 32. Kh1 Rxf1+ 33. Bxf1
Re8 34. g4 Rxe6 35. Kg2 Bc3 36. Kg3 Re3+ 37. Kh4 d4 0-1

[Event "Challenge"]
[Site "http://www.queenalice.com/game.php?id=779417"]
[Date "2010.5.22"]
[Round "-"]
[White "FranzMeM"]
[Black "jose_gomes"]
[Result "0-1"]
[WhiteElo "1524"]
[BlackElo "1198"]

1. e4 e5 2. Nf3 Nc6 3. Nc3 Nf6 4. Bc4 Bc5 5. h3 O-O 6. d3 Nd4 7. Nxd4 Bxd4 8.
Nb5 c5 9. Nxd4 cxd4 10. Bg5 a6 11. a4 Qb6 12. Ra2 Qb4+ 13. Bd2 Qd6 14. b4 b6 15.
a5 b5 16. Bb3 Qc6 17. Qe2 d5 18. Bg5 dxe4 19. Bxf6 exd3 20. Qxd3 Qxf6 21. O-O
Be6 22. Bxe6 Qxe6 23. Raa1 Rac8 24. Rac1 Rc3 25. Qe4 f5 26. Qe2 f4 27. f3 Rf6
28. Qe4 Rg6 29. Kh2 Re3 30. Qa8+ Kf7 31. Rg1 Qf5 32. Qd5+ Kf6 33. Qd8+ Kf7 34.
Qh4 h5 35. c4 bxc4 36. Rxc4 Rc3 37. Rxc3 dxc3 38. Qf2 Qd3 39. Qa7+ Kg8 40. Qf2
c2 41. Qf1 Qc3 42. Qa1 Qxb4 43. Qa2+ Kh7 44. Qxc2 Qxa5 45. Rd1 Kh6 46. Qf2 Qa4
47. Qe2 h4 48. Rd5 Rg5 49. Rd6+ g6 50. Rxa6 Qd4 51. Ra2 Qe3 52. Qf1 e4 53. Re2
Qd3 54. Rxe4 Qxf1 0-1

[Event "Challenge"]
[Site "http://www.queenalice.com/game.php?id=783136"]
[Date "2010.5.30"]
[Round "-"]
[White "jose_gomes"]
[Black "chengo15"]
[Result "0-1"]
[WhiteElo "1347"]
[BlackElo "1430"]

1. d4 d5 2. c4 e6 3. Nf3 Nc6 4. Bf4 Nf6 5. e3 Be7 6. Bd3 dxc4 7. Bxc4 O-O 8. O-O
a6 9. Nc3 Bd6 10. d5 Ne7 11. Bxd6 cxd6 12. e4 e5 13. b4 b5 14. Bb3 Bd7 15. a4
Qc7 16. Qc2 Rfc8 17. Rfc1 Qb6 18. a5 Qb7 19. Qd2 Rc7 20. Ne2 Rac8 21. Rxc7 Rxc7
22. Ng3 Bg4 23. Qe3 Qc8 24. h3 Bd7 25. Nh4 Rc3 26. Qd2 Rxb3 27. Rc1 Qb7 28. Qc2
Rxg3 29. fxg3 Qa7+ 30. Kf1 Qd4 31. Re1 Qxb4 32. Nf5 Kf8 33. Qc7 Nxf5 34. exf5
Qc4+ 35. Qxc4 bxc4 36. Rc1 Bxf5 37. g4 Be4 0-1

[Event "Challenge"]
[Site "http://www.queenalice.com/game.php?id=783574"]
[Date "2010.5.31"]
[Round "-"]
[White "jose_gomes"]
[Black "FranzMeM"]
[Result "1-0"]
[WhiteElo "1273"]
[BlackElo "1506"]

1. e4 e5 2. Nf3 Nc6 3. d4 d6 4. d5 Nb4 5. c3 Na6 6. Bb5+ Bd7 7. Bxd7+ Qxd7 8.
O-O h6 9. c4 b6 10. Nc3 c6 11. dxc6 Qxc6 12. Qd5 Qxd5 13. Nxd5 g5 14. b4 Rc8 15.
b5 Nc5 16. Ba3 Nxe4 17. Rac1 Ngf6 18. Rfd1 g4 19. Nh4 Nxd5 20. cxd5 Rxc1 21.
Rxc1 Kd8 22. f3 gxf3 23. Nxf3 f6 24. g4 Rg8 25. h3 h5 26. h4 Rxg4+ 27. Kf1 Ng3+
28. Kf2 Ne4+ 29. Ke2 Ng3+ 30. Kf2 f5 31. Rg1 Ne4+ 32. Kf1 Ng3+ 33. Kf2 e4 34.
Rxg3 Rxg3 35. Kxg3 exf3 36. Kxf3 Ke7 37. Bb2 Kf7 38. Kf4 Kg6 39. a4 Bh6+ 40. Kf3
f4 41. Ke4 Kf7 42. Bd4 Ke7 43. Bc3 Kd7 44. Kf3 Kc7 45. Bd2 Kd7 46. Bxf4 Bxf4 47.
Kxf4 Ke7 48. Kg5 Kf7 49. Kxh5 Kg7 50. Kg5 Kf7 51. h5 Kg7 52. h6+ Kh7 53. Kh5 Kh8
54. Kg6 Kg8 55. h7+ Kh8 56. Kh6 a5 57. bxa6 b5 58. a7 bxa4 59. a8=Q# 1-0

[Event "Challenge"]
[Site "http://www.queenalice.com/game.php?id=786603"]
[Date "2010.6.6"]
[Round "-"]
[White "lordmago"]
[Black "jose_gomes"]
[Result "0-1"]
[WhiteElo "1409"]
[BlackElo "1316"]

1. e4 e5 2. Nf3 Nc6 3. Bb5 a6 4. Bxc6 dxc6 5. d3 Nf6 6. Nxe5 Bc5 7. O-O O-O 8.
Bf4 Re8 9. Nc3 Bd4 10. h3 Bxe5 11. Bxe5 Rxe5 12. f4 Qd4+ 13. Rf2 Rc5 14. e5 Nd5
15. Nxd5 Rxd5 16. c4 Rd8 17. b3 b5 18. Rc1 c5 19. Qf3 Bf5 20. Rd1 Bxd3 21. Rxd3
Qxd3 22. Qxd3 Rxd3 23. f5 bxc4 24. bxc4 Re3 25. f6 Rxe5 26. fxg7 Kxg7 27. Rf4
Rd8 28. g4 Rd4 0-1